Jugendstil als narratives Konstruktionsprinzip über Hofmannsthals "Das Märchen der 672. Nacht" /
Elmentve itt :
| Szerző: | |
|---|---|
| További közreműködők: | |
| Dokumentumtípus: | Könyv része |
| Megjelent: |
1998
|
| Sorozat: | Acta germanica
7 Erzählstrukturen : Studien zur Literatur der Jahrhundertwende 7 |
| Kulcsszavak: | Osztrák irodalom - költészet - 19-20. sz. |
| Tárgyszavak: | |
| Online Access: | http://acta.bibl.u-szeged.hu/2345 |
| LEADER | 00866naa a2200229 i 4500 | ||
|---|---|---|---|
| 001 | acta2345 | ||
| 005 | 20210921080825.0 | ||
| 008 | 161015s1998 hu o 0|| ger d | ||
| 022 | |a 0238-079X | ||
| 040 | |a SZTE Egyetemi Kiadványok Repozitórium |b hun | ||
| 041 | |a ger | ||
| 100 | 1 | |a Csúri Károly | |
| 245 | 1 | 0 | |a Jugendstil als narratives Konstruktionsprinzip |h [elektronikus dokumentum] : |b über Hofmannsthals "Das Märchen der 672. Nacht" / |c Csúri Károly |
| 260 | |c 1998 | ||
| 300 | |a 36-53 | ||
| 490 | 0 | |a Acta germanica |v 7 | |
| 490 | 0 | |a Erzählstrukturen : Studien zur Literatur der Jahrhundertwende |v 7 | |
| 650 | 4 | |a Bölcsészettudományok | |
| 650 | 4 | |a Nyelvek és irodalom | |
| 695 | |a Osztrák irodalom - költészet - 19-20. sz. | ||
| 700 | 0 | 1 | |a Hofmannsthals Hugo von |
| 856 | 4 | 0 | |u http://acta.bibl.u-szeged.hu/2345/1/germanica_007_036-053.pdf |z Dokumentum-elérés |